Online Catalogue and eLibrary

Speech, Writing, and Sign: (Record no. 1085)

MARC details
000 -LEADER
fixed length control field 00498nam a2200181Ia 4500
005 - DATE AND TIME OF LATEST TRANSACTION
control field 20250320053129.0
008 - FIXED-LENGTH DATA ELEMENTS--GENERAL INFORMATION
fixed length control field 240331s9999 xx 000 0 und d
020 ## - INTERNATIONAL STANDARD BOOK NUMBER
ISBN 0253193737
082 ## - DDC Classification
Class No. 302.2
Item Number - Author Mark BAR
DDC Edition Number 2014
100 ## - MAIN ENTRY--PERSONAL NAME
Personal name Baron, N. S
245 #0 - TITLE STATEMENT
Title Speech, Writing, and Sign:
Remainder of title A Functional View of Linguistic Representation
260 ## - PUBLICATION, DISTRIBUTION, ETC.
Place of publication, distribution, etc. Bloomington,
Name of publisher, distributor, etc. Indiana University Press
Date of publication, distribution, etc. 1981
300 ## - PHYSICAL DESCRIPTION
Extent (e.g. Volumes, Pages etc.) xiv, 303 p.,
650 ## - SUBJECT ADDED ENTRY--TOPICAL TERM
Topical term or geographic name entry element Linguistics
650 ## - SUBJECT ADDED ENTRY--TOPICAL TERM
Topical term or geographic name entry element Speech
650 ## - SUBJECT ADDED ENTRY--TOPICAL TERM
Topical term or geographic name entry element Language
942 ## - Koha item type (Biblio)
Koha item type Books in Stacks (Lending)
Holdings
Lost status Damaged status Collection code Home library Current library Shelving location Date acquired Full call number Accession Number Item type
    Lending WERC Library WERC Library Social Science Cupboard 03/31/2024 302.2 BAR 2014 Books in Stacks (Lending)

© WERC Library